000 00352nam a2200133Ia 4500
008 231129s9999||||xx |||||||||||||| ||spa||
020 _a84-286-0186-0
040 _bspa
082 _a972.91 C266e
100 _aCardenal Ernesto
245 0 _aEn Cuba
264 _aBarcelona EspaƱa : Pomaire
942 _2ddc
_cBKS
999 _c12853
_d12853